Muʻallim shahīd Batūl Lachīnānī /

Saved in:
Bibliographic Details
Main Author: Rajabī Matīn, Zahrā.
Format: Book
Language:Persian
Published: Tihrān : Ārmān-i Barās̲ā, 1393 [2014]
Edition:Nawbat-i chāp: avval.
Subjects:
Tags: Add Tag
No Tags, Be the first to tag this record!
LEADER 01150nam a2200337 a 4500
001 014440469-9
005 20160524113105.0
008 150725s2014 ir 000 0dper d
020 |a 9786007625026 
035 0 |a ocn951135134 
040 |b eng  |e rda 
100 1 |6 880-01  |a Rajabī Matīn, Zahrā. 
245 1 0 |6 880-02  |a Muʻallim shahīd Batūl Lachīnānī /  |c Zahrā Rajabī Matīn. 
250 |6 880-03  |a Nawbat-i chāp: avval. 
264 1 |6 880-04  |a Tihrān :  |b Ārmān-i Barās̲ā,  |c 1393 [2014] 
300 |a 42 pages ;  |c 14 cm 
336 |a text  |b txt  |2 rdacontent 
337 |a unmediated  |b n  |2 rdamedia 
338 |a volume  |b nc  |2 rdacarrier 
600 1 0 |a Lachīnānī, Batūl. 
650 0 |a Teachers  |x Iran  |x Biography. 
650 0 |a Women  |z Iran. 
651 0 |a Iran  |x History  |y Revolution, 1979. 
752 |a Iran  |d Tehran. 
880 1 |6 100-01  |a رجبی متین, زهرا. 
880 1 0 |6 245-02  |a معلم شهید بتول لچینان/  |c زهرا رجبی متین. 
880 |6 250-03  |a نوبت چاپ: اول. 
880 1 |6 264-04  |a تهران :  |b آرمان براثا,  |c 1393 [2014] 
899 |a 415_565459 
988 |a 20150725 
906 |0 MH